000 01511nam2a2200277 4500
001 rc\4021813
005 20260603151235.0
035 _a(NLR Aleph) 007949686
090 _a8331049
_c8331049
100 _a20130415d1957 km|y0rusy50 ba
101 0 _arus
102 _aRU
105 _aab i 000yy
200 1 _aБассейн Балтийского моря
_hВып. 4–6
_iБассейн р. Западная Двина и бассейны рек к западу и югу до государственной границы
_f... Управление гидрометеорологической службы Латвийской ССР
_gпод редакцией Л. И. Глазачевой
210 _d1957
215 _a279, [3] с., [2] л. карт
_cил., табл.
316 _aЭкз. РНБ нумер.: № 6
_5NLR: 57-9/68
461 0 _1001rc\4099602
_12001#$aГидрологический ежегодник, 1951 г.$e[результаты наблюдений]$fГлавное управление гидрометеорологической службы при Совете Министров СССР$vТ. 1
702 1 _aГлазачева
_bЛ. И.
_gЛариса Иосифовна
_4340
712 0 1 _aЛатвССР
_bУправление гидрометеорологической службы
_3RU\NLR\AUTH\889967770
_4570
801 0 _aRU
_bNLR
_gpsbo
801 1 _aRU
_bELAR
_2rusmarc
852 _aNLR
_j57-9/68
942 _cBOOK
980 _aNB